Szczegóły MARC21

Gwarancje bankowe i ubezpieczeniowe w obrocie międzynarodowym /

003 -Nazwa inst., której nr kontr. jest w polu 001 [,]
    • @
    • Nazwa instytucji, której n kontrolny jest w polu 001
    • NUKAT
005 -DATA I CZAS OSTATNIEJ MODYFIKACJI [,]
    • @
    • pole kontrolne
    • 20241231094107.0
020 -Międzynarod. znormalizowany nr książki - ISBN [ , ]
    • a
    • Numer ISBN
    • 8386543833 Find
040 -Instytucja sporządzająca opis [ , ]
    • a
    • Instytucja, która sporządziła opis (NP)
    • Ł U/BM
    • c
    • Instytucja, która sporządziła rekord (NP)
    • Ł U/BM
    • d
    • Instytucja, która zmodyfikowała rekord (P)
    • Ł U/MK
    • d
    • Instytucja, która zmodyfikowała rekord (P)
    • Ł U/MSs
942 -Rodzaj dokumentu [ , ]
    • c
    • Rodzaj dokumentu
    • Książka
100 -Hasło główne - nazwa osobowa [1, ]
    • a
    • Nazwa osobowa (NP)
    • Blajer, Renata.
    • 9
    • KHW
    • 699162
245 -Strefa tytułu i oznaczenia odpowiedzialności [1,0]
    • a
    • Tytuł
    • Gwarancje bankowe i ubezpieczeniowe w obrocie międzynarodowym / Find
    • c
    • Pozostałe elementy strefy tytułu i oznaczenia odpowiedzialności (NP)
    • Renata Blajer.
260 -Strefa adresu wydawniczego [ , ]
    • a
    • Miejsce wydania (P)
    • Warszawa :
    • b
    • Nazwa wydawcy (P)
    • Fundacja Rozwoju Rachunkowości w Polsce,
    • c
    • Data wydania (P)
    • 1999.
300 -Strefa opisu fizycznego [ , ]
    • a
    • Określenie formy książki i/lub objętość (NP)
    • VI, 245 s. ;
    • c
    • Format (NP)
    • 24 cm.
336 -Typ zawartości [ , ]
    • a
    • Termin opisujący typ zawartości
    • Tekst
    • b
    • Kod określający zawartość
    • txt
    • 2
    • Źródło (terminu i kodu)
    • rdacontent
337 -Typ mediów [ , ]
    • a
    • Tryb odtwarzania
    • Bez urządzenia pośredniczącego
    • b
    • Kod typu mediów
    • n
    • 2
    • Źródło (terminu i kodu)
    • rdamedia
338 -Typ/rodzaj nośnika [ , ]
    • a
    • Hasło opisujące typ nośnika
    • Wolumin
    • b
    • Kod typu nośnika
    • nc
    • 2
    • Źródło (terminu i kodu)
    • rdacarrier
080 -Uniwersalna Klasyfikacja Dziesiętna [ , ]
    • a
    • Symbol klasyfikacji
    • 347.734
    • 9
    • UKD
    • 3564
    • 2
    • Identyfikator wydania tablic
    • UDC-P058
    • b
    • Dopowiedzenie
    • Banki. Operacje bankowe. Prawo bankowe.
080 -Uniwersalna Klasyfikacja Dziesiętna [ , ]
    • a
    • Symbol klasyfikacji
    • :336.717
080 -Uniwersalna Klasyfikacja Dziesiętna [ , ]
    • a
    • Symbol klasyfikacji
    • :368.029
080 -Uniwersalna Klasyfikacja Dziesiętna [ , ]
    • a
    • Symbol klasyfikacji
    • :339.72
650 -Hasło przedmiotowe [ ,7]
    • a
    • Hasło przedmiotowe
    • Poręczenie.
    • 2
    • Źródło terminu
    • kaba
    • 9
    • KHW
    • 125224
650 -Hasło przedmiotowe [ ,7]
    • a
    • Hasło przedmiotowe
    • Poręczenie
    • z
    • Określnik geograficzny
    • Polska
    • v
    • Określnik formalny
    • formularze.
    • 2
    • Źródło terminu
    • kaba
    • 9
    • KHW
    • 699223
650 -Hasło przedmiotowe [ ,7]
    • a
    • Hasło przedmiotowe
    • Poręczenie
    • z
    • Określnik geograficzny
    • Polska
    • x
    • Określnik rzeczowy
    • legislacja.
    • 2
    • Źródło terminu
    • kaba
    • 9
    • KHW
    • 377321
650 -Hasło przedmiotowe [ ,7]
    • a
    • Hasło przedmiotowe
    • Ubezpieczenie kredytu eksportowego.
    • 2
    • Źródło terminu
    • kaba
    • 9
    • KHW
    • 134235
980 -Symbol UKD [ , ]
    • a
    • UKD
    • 347.734:336.717:368.029:339.72
920 -ISBN [ , ]
    • a
    • ISBN
    • 83-86543-83-3 Find
Status udost. Numer inwentarzowy Sygnatura Lokalizacja Data inwentaryzacji
-2E.66875 BE2000-06-21
-3S.86168 BE2000-06-21
-2T.2738T.2738T2000-06-21